header

Lotus Workplace 2.0.1 products (Record no. 210166)

MARC details
000 -LEADER
fixed length control field 01469nam a2200373Ia 4500
245 00 - TITLE STATEMENT
Title Lotus Workplace 2.0.1 products
250 ## - EDITION STATEMENT
Edition statement 1st ed.
260 ## - PUBLICATION, DISTRIBUTION, ETC. (IMPRINT)
Place of publication [S.l.] :
Name of publisher IBM, International Technical Support Organization,
Year of publication c2005.
300 ## - PHYSICAL DESCRIPTION
Number of Pages xviii, 818 p. :
Other physical details ill.
490 1# - SERIES STATEMENT
Series statement IBM redbooks
500 ## - GENERAL NOTE
General note "SG24-6378-00."
650 #0 - SUBJECT ADDED ENTRY--TOPICAL TERM
Topical Term Business
Topical Term Management information systems.
Topical Term Electronic commerce.
700 1# - ADDED ENTRY--PERSONAL NAME
Personal name Bravo, Alberto.
856 40 - ELECTRONIC LOCATION AND ACCESS
Uniform Resource Identifier http://site.ebrary.com/lib/rucke/Doc?id=10112493

No items available.

© 2026 Rongo University
Contact us: librarian | system librarian | Rongo university